[Event "Bad Wiessee Seniors op"]
[Site "Bad Wiessee"]
[Date "2012.04.23"]
[Round "3"]
[White "Riegler, Markus"]
[Black "Jurgan, Brigitte"]
[Result "1-0"]
[WhiteElo "1583"]
[BlackElo "1220"]
[PlyCount "113"]
[EventDate "2012.04.21"]
[EventType "swiss"]
[EventRounds "9"]
[EventCountry "GER"]
[SourceTitle "EXT 2015"]
[Source "ChessBase"]
[SourceDate "2014.11.20"]
[SourceVersion "1"]
[SourceVersionDate "2014.11.20"]
[SourceQuality "1"]

1. b4 c6 2. Bb2 Nf6 3. Nf3 d6 4. e3 Bg4 5. h3 Bxf3 6. Qxf3 g6 7. d4 Bg7 8. a4 d5 9. Nd2 0-0 10. Bd3 Qd6 11. Ba3 Qd8 12. 0-0 Re8 13. c4 e5 14. dxe5 Rxe5 15. Bb2 Re8 16. Bd4 Re6 17. b5 Qd6 18. cxd5 Qxd5 19. Bc4 Qxf3 20. Nxf3 Re8 21. Ng5 Nd5 22. Bxg7 Kxg7 23. e4 f6 24. exd5 fxg5 25. Rae1 Rxe1 26. Rxe1 Kf8 27. bxc6 bxc6 28. dxc6 a5 29. c7 Nd7 30. Rd1 Ke7 31. Bb5 Nb6 32. Rc1 Kd6 33. Rc6+ Kd7 34. Rxb6+ Kxc7 35. Rf6 Ra7 36. f3 Rb7 37. Kf2 Ra7 38. Kg3 Kb8 39. Kg4 Re7 40. Kxg5 Re5+ 41. Kf4 Re7 42. g4 Rc7 43. h4 Ka7 44. Kg5 Rc5+ 45. Kh6 Rc7 46. f4 Re7 47. h5 gxh5 48. Kxh5 Re1 49. Rf7+ Kb6 50. Rxh7 Rh1+ 51. Kg6 Rd1 52. f5 Rd6+ 53. f6 Kc5 54. Re7 Rd8 55. f7 Rd6+ 56. Kg7 Rd5 57. Kf6 1-0

[Event "Bad Woerishofen Seniors op 28th"]
[Site "Bad Woerishofen"]
[Date "2012.03.10"]
[Round "9.38"]
[White "Kahler, Kurt"]
[Black "Riegler, Markus"]
[Result "0-1"]
[WhiteElo "1619"]
[BlackElo "1624"]
[PlyCount "68"]
[EventDate "2012.03.02"]
[EventType "swiss"]
[EventRounds "9"]
[EventCountry "GER"]
[SourceTitle "EXT 2022"]
[Source "ChessBase"]
[SourceDate "2021.10.06"]
[SourceVersion "1"]
[SourceVersionDate "2021.10.06"]
[SourceQuality "1"]

1. d4 Nf6 2. e3 d5 3. Bd3 Bg4 4. f3 Bh5 5. Ne2 Bg6 6. 0-0 e6 7. Ng3 Bd6 8. Qe1 Bxd3 9. cxd3 c5 10. e4 dxe4 11. fxe4 Bxg3 12. Qxg3 Qxd4+ 13. Kh1 Nbd7 14. Bd2 Qe5 15. Qf3 Qh5 16. Bf4 Qxf3 17. Rxf3 e5 18. Bd2 Rd8 19. Nc3 h6 20. Raf1 a6 21. Nd5 Nxd5 22. Rxf7 Rf8 23. Rxf8+ Nxf8 24. exd5 Ke7 25. Rf5 Nd7 26. g4 b5 27. h4 g6 28. Rf3 Rh8 29. Re3 Kd6 30. Bc3 Kxd5 31. Bd2 g5 32. Re2 gxh4 33. Rg2 Kd4 34. Bc3+ Kxd3 0-1

[Event "Bad Woerishofen Seniors op 28th"]
[Site "Bad Woerishofen"]
[Date "2012.03.09"]
[Round "8.28"]
[White "Riegler, Markus"]
[Black "Wittmann, Georg"]
[Result "0-1"]
[WhiteElo "1624"]
[BlackElo "1793"]
[PlyCount "82"]
[EventDate "2012.03.02"]
[EventType "swiss"]
[EventRounds "9"]
[EventCountry "GER"]
[SourceTitle "EXT 2022"]
[Source "ChessBase"]
[SourceDate "2021.10.06"]
[SourceVersion "1"]
[SourceVersionDate "2021.10.06"]
[SourceQuality "1"]

1. c4 c6 2. Nc3 d5 3. cxd5 cxd5 4. d4 Nc6 5. g3 Bf5 6. Nf3 e6 7. Nh4 Bg4 8. h3 Bh5 9. g4 Qxh4 10. gxh5 Qxd4 11. Bd2 Nf6 12. a3 Bc5 13. e3 Qh4 14. Rg1 0-0 15. Qf3 Ne5 16. Qg2 Nxh5 17. Be2 g6 18. 0-0-0 Nf6 19. Qg5 Qxg5 20. Rxg5 Nc6 21. h4 Be7 22. Rg2 Rac8 23. h5 d4 24. exd4 Nxd4 25. Bd3 Nb3+ 26. Kb1 Nxd2+ 27. Rxd2 Nxh5 28. Ne2 Rfd8 29. Rg4 Rc5 30. Ra4 a6 31. Nc3 g5 32. Kc2 Nf4 33. Be4 Rxd2+ 34. Kxd2 Rc7 35. Ne2 Nxe2 36. Kxe2 f5 37. Bd3 h5 38. Rd4 g4 39. a4 h4 40. f3 g3 41. f4 g2 0-1